Explorador le monde diplomatique : gran bretaña /
Guardado en:
| Autor Principal: | |
|---|---|
| Otros Autores: | |
| Formato: | Libro |
| Publicado: |
Buenos Aires :
Capital Intelectual,
2014
|
| Series: | Segunda Serie; 4
|
| Materias: | |
| Etiquetas: |
Agregar Etiqueta
Sin Etiquetas, Sea el primero en etiquetar este registro!
|
| LEADER | 01021nam a22002415a 4500 | ||
|---|---|---|---|
| 001 | CEM.cems014463 | ||
| 005 | 20140910193552.0 | ||
| 008 | 130507s2014##################000#0#####d | ||
| 003 | CEMS | ||
| 020 | |a 9789876144483 | ||
| 082 | 0 | 4 | |a 910.3 |
| 100 | 1 | |a Cassen, Bernard | |
| 245 | 1 | 0 | |a Explorador le monde diplomatique : |b gran bretaña / |c Bernard Cassen ... y Otros ; compilado Por José Natanson |
| 260 | |a Buenos Aires : |b Capital Intelectual, |c 2014 | ||
| 300 | |a 88 p. | ||
| 490 | 0 | |a Segunda Serie; 4 | |
| 505 | 0 | |a Introducción: La revolución conservadora continúa -- Recuerdos de Grandeza: lo pasado -- El imperio de las finanzas: Gran Bretaña hacia adentro -- Una potencia extraviada : Gran Bretaña hacia afuera -- Cultura sin fronteras : lo vivido, lo pensado, lo imaginado -- Un reino desunido: lo que vendrá | |
| 653 | |a Geografía | ||
| 653 | |a Historia | ||
| 653 | |a Economía | ||
| 653 | |a Gran bretaña | ||
| 700 | 1 | |a Natanson, José; comp. | |
| 859 | |a CEMS |b BIB. CEMS - 11 de abril |h 910.3 |i N191-6 |p 27028.14 |t Ej.1 | ||
